| 000 | 00980nam a2200253 a 4500 | ||
|---|---|---|---|
| 001 | BRL_575 | ||
| 005 | 20190320210816.0 | ||
| 008 | 040913s1949----mx-a######---#000-0dspa-# | ||
| 041 | _aspa | ||
| 044 | _amx | ||
| 050 | 4 |
_aDS115 _b.P33 1949 |
|
| 100 | 1 |
_aPadua Gómez, José _924334 |
|
| 245 | 1 | 0 |
_aIsrael y la Civilización _cJosé Padua Gómez ; Semblanzas de Maimonides ...[et. al.] |
| 260 |
_aMéxico, D.F. _bEdiciones Metropolis _c1949 |
||
| 300 |
_a109 p. _bil. _c22 cm. |
||
| 500 | _aej.1 Au632 ; ej.2 Au1343 | ||
| 500 | _aLa biblioteca cuenta con 2 ejemplares. | ||
| 500 | _aSemblanzas de Moises Maimónides, Baruj Spinoza, Jorge Isaacs, Félix Mendelssohn, Carlos Roloff, Cesare Lombroso, Max Nordau, Sigmund Freud, Paul Ehrlich, Henri Bergson, Alberto Einsten, Stefan Sweig y Jaim Weizmann | ||
| 650 | 1 | 4 |
_aJudios _vBiografía _924335 |
| 650 | 1 | 4 |
_aCivilización _xInfluencias judías _924336 |
| 700 | 1 |
_aMaimonides, Moises _924337 |
|
| 902 | _aGRL | ||
| 942 |
_2lcc _cB |
||
| 999 |
_c9387 _d9387 |
||